[Event "AUT-ch Open 2020"]
[Site "Graz"]
[Date "2020.02.16"]
[Round "3.20"]
[White "Frank, Emanuel"]
[Black "Horvath, Reka"]
[Result "1-0"]
[WhiteElo "2286"]
[BlackElo "2018"]
[Annotator "ChessBase"]
[PlyCount "67"]
[EventDate "2020.02.14"]
[EventType "swiss"]
[EventCountry "AUT"]
[SourceTitle "playchess.com"]
[Source "ChessBase"]
[SourceQuality "1"]
[TimeControl "40/5400+30:1800+30"]

1. d4 {[%emt 0:00:00]} Nf6 {[%emt 0:00:00]} 2. c4 {[%emt 0:00:00]} c5 {[%emt 0:00:00]} 3. d5 {[%emt 0:00:00]} e6 {[%emt 0:00:00]} 4. Nc3 {[%emt 0:00:02]} exd5 {[%emt 0:00:02]} 5. cxd5 {[%emt 0:00:04]} d6 {[%emt 0:00:10]} 6. Nf3 {[%emt 0:01:03]} g6 {[%emt 0:00:37]} 7. g3 {[%emt 0:00:21]} Bg7 {[%emt 0:00:10]} 8. Bg2 {[%emt 0:00:06]} O-O {[%emt 0:00:22]} 9. O-O {[%emt 0:00:06]} a6 {[%emt 0:00:47]} 10. a4 {[%emt 0:03:27]} Bf5 {[%emt 0:06:28]} 11. Nd2 {[%emt 0:02:13]} Re8 {[%emt 0:04:22]} 12. e4 {[%emt 0:01:01]} Bg4 {[%emt 0:01:28]} 13. Qb3 {[%emt 0:02:32]} Nbd7 {[%emt 0:16:23]} 14. h3 {[%emt 0:04:37]} Bh5 {[%emt 0:02:40]} 15. Nc4 {[%emt 0:09:26]} b5 {[%emt 0:00:54]} 16. axb5 {[%emt 0:01:17]} axb5 {[%emt 0:00:07]} 17. Rxa8 {[%emt 0:00:08]} Qxa8 {[%emt 0:00:02]} 18. Nxd6 {[%emt 0:01:38]} b4 {[%emt 0:00:28]} 19. Nxe8 {[%emt 0:02:03]} Qxe8 {[%emt 0:00:27]} 20. Nb1 {[%emt 0:01:59]} Be2 {[%emt 0:01:36]} 21. Re1 {[%emt 0:00:19]} c4 {[%emt 0:00:20]} 22. Qxb4 {[%emt 0:01:03]} Bd3 {[%emt 0:00:03]} 23. Nd2 {[%emt 0:01:09]} Nxd5 {[%emt 0:01:02]} 24. Qa5 {[%emt 0:02:22]} N5b6 {[%emt 0:02:02]} 25. Bf1 {[%emt 0:01:40]} Qe6 {[%emt 0:01:24]} 26. Bxd3 {[%emt 0:04:19]} cxd3 {[%emt 0:00:09]} 27. Kg2 {[%emt 0:00:49]} f5 {[%emt 0:02:38]} 28. Qb5 {[%emt 0:01:32]} Ne5 {[%emt 0:11:47]} 29. exf5 {[%emt 0:00:24]} Qd6 {[%emt 0:00:54]} 30. Qe8+ {[%emt 0:00:36]} Qf8 {[%emt 0:00:09]} 31. Qe6+ {[%emt 0:00:16]} Kh8 {[%emt 0:00:54]} 32. Rxe5 {[%emt 0:00:22]} Bxe5 {[%emt 0:01:03]} 33. Qxe5+ {[%emt 0:00:01]} Qg7 {[%emt 0:00:27]} 34. Qb8+ {[%emt 0:00:01]} 1-0

[Event "AUT-ch Open 2020"]
[Site "Graz"]
[Date "2020.02.16"]
[Round "3.21"]
[White "Gavrilescu, David"]
[Black "Molnar, Bela"]
[Result "1-0"]
[WhiteElo "2455"]
[BlackElo "2312"]
[Annotator "ChessBase"]
[PlyCount "65"]
[EventDate "2020.02.14"]
[EventType "swiss"]
[EventCountry "AUT"]
[SourceTitle "playchess.com"]
[Source "ChessBase"]
[SourceQuality "1"]
[TimeControl "40/5400+30:1800+30"]

1. e4 {[%emt 0:00:00]} c5 {[%emt 0:02:09]} 2. Nf3 {[%emt 0:00:05]} e6 {[%emt 0:02:31]} 3. d4 {[%emt 0:00:31]} cxd4 {[%emt 0:00:09]} 4. Nxd4 {[%emt 0:00:08]} Nc6 {[%emt 0:00:16]} 5. Nc3 {[%emt 0:01:04]} Qc7 {[%emt 0:05:35]} 6. Be3 {[%emt 0:00:58]} a6 {[%emt 0:00:45]} 7. a3 {[%emt 0:00:24]} Nf6 {[%emt 0:00:11]} 8. f4 {[%emt 0:00:29]} d6 {[%emt 0:00:55]} 9. Qf3 {[%emt 0:00:19]} Bd7 {[%emt 0:00:48]} 10. O-O-O {[%emt 0:01:20]} Rc8 {[%emt 0:01:18]} 11. g4 {[%emt 0:14:36]} Nxd4 {[%emt 0:11:29]} 12. Rxd4 {[%emt 0:02:50]} d5 {[%emt 0:00:47]} 13. exd5 {[%emt 0:03:31]} b5 {[%emt 0:02:47]} 14. Bd2 {[%emt 0:09:46]} Bc5 {[%emt 0:02:12]} 15. Re4 {[%emt 0:13:14]} O-O {[%emt 0:15:16]} 16. Bd3 {[%emt 0:07:14]} exd5 {[%emt 0:05:36]} 17. Ree1 {[%emt 0:03:22]} b4 {[%emt 0:22:45]} 18. axb4 {[%emt 0:02:33]} Bxg4 {[%emt 0:02:55]} 19. Qg3 {[%emt 0:04:48]} Bxb4 {[%emt 0:00:20]} 20. Rhg1 {[%emt 0:01:13]} d4 {[%emt 0:06:09]} 21. Nb1 {[%emt 0:03:02]} Bxd2+ {[%emt 0:01:12]} 22. Nxd2 {[%emt 0:00:21]} g6 {[%emt 0:03:53]} 23. Qh4 {[%emt 0:01:25]} Nd5 {[%emt 0:03:28]} 24. Qxg4 {[%emt 0:02:02]} Ne3 {[%emt 0:02:44]} 25. Rxe3 {[%emt 0:00:52]} dxe3 {[%emt 0:00:13]} 26. Nc4 {[%emt 0:00:07]} Rfe8 {[%emt 0:01:09]} 27. Re1 {[%emt 0:04:26]} Qc5 {[%emt 0:00:24]} 28. f5 {[%emt 0:00:31]} Qb4 {[%emt 0:00:44]} 29. Rxe3 {[%emt 0:01:28]} Red8 {[%emt 0:00:33]} 30. fxg6 {[%emt 0:01:21]} hxg6 {[%emt 0:00:11]} 31. Bxg6 {[%emt 0:03:55]} Rxc4 {[%emt 0:01:15]} 32. Bxf7+ {[%emt 0:00:21]} Kxf7 {[%emt 0:00:14]} 33. Qf5+ {[%emt 0:00:05]} 1-0

[Event "AUT-ch Open 2020"]
[Site "Graz"]
[Date "2020.02.16"]
[Round "3.21"]
[White "Papakonstantinou, Dimitrios"]
[Black "Mayrhuber, Nikola"]
[Result "1-0"]
[WhiteElo "2275"]
[BlackElo "2017"]
[Annotator "ChessBase"]
[PlyCount "73"]
[EventDate "2020.02.14"]
[EventType "swiss"]
[EventCountry "AUT"]
[SourceTitle "playchess.com"]
[Source "ChessBase"]
[SourceQuality "1"]
[TimeControl "40/5400+30:1800+30"]

1. d4 {[%emt 0:06:20]} e6 {[%emt 0:00:00]} 2. c4 {[%emt 0:00:14]} Nf6 {[%emt 0:00:00]} 3. Nc3 {[%emt 0:00:07]} Bb4 {[%emt 0:00:14]} 4. e3 {[%emt 0:01:59]} O-O {[%emt 0:02:11]} 5. Nge2 {[%emt 0:00:37]} Re8 {[%emt 0:01:08]} 6. a3 {[%emt 0:00:50]} Bf8 {[%emt 0:00:21]} 7. Ng3 {[%emt 0:08:16]} d5 {[%emt 0:05:21]} 8. Qc2 {[%emt 0:06:52]} b6 {[%emt 0:02:26]} 9. Be2 {[%emt 0:04:08]} c5 {[%emt 0:15:18]} 10. dxc5 {[%emt 0:01:03]} bxc5 {[%emt 0:00:40]} 11. O-O {[%emt 0:01:48]} Nbd7 {[%emt 0:08:39]} 12. Rd1 {[%emt 0:03:22]} Bb7 {[%emt 0:08:52]} 13. cxd5 {[%emt 0:04:25]} exd5 {[%emt 0:00:22]} 14. Bf3 {[%emt 0:00:20]} Re5 {[%emt 0:04:49]} 15. b3 {[%emt 0:02:12]} Qe8 {[%emt 0:12:03]} 16. Bb2 {[%emt 0:01:23]} Rg5 {[%emt 0:04:44]} 17. h4 {[%emt 0:10:00]} Rxg3 {[%emt 0:00:50]} 18. fxg3 {[%emt 0:00:02]} Qxe3+ {[%emt 0:00:10]} 19. Kh1 {[%emt 0:02:44]} Qe6 {[%emt 0:12:03]} 20. Re1 {[%emt 0:02:58]} Qd6 {[%emt 0:00:21]} 21. Qf2 {[%emt 0:00:53]} Qb6 {[%emt 0:03:08]} 22. Rab1 {[%emt 0:07:07]} a5 {[%emt 0:01:25]} 23. Bc1 {[%emt 0:05:58]} d4 {[%emt 0:01:49]} 24. Na4 {[%emt 0:00:48]} Qb5 {[%emt 0:00:44]} 25. Qe2 {[%emt 0:05:01]} d3 {[%emt 0:04:26]} 26. Nc3 {[%emt 0:01:17]} Bxf3 {[%emt 0:01:38]} 27. Qxf3 {[%emt 0:02:18]} Qa6 {[%emt 0:00:03]} 28. Bf4 {[%emt 0:01:06]} c4 {[%emt 0:00:43]} 29. bxc4 {[%emt 0:00:50]} Nc5 {[%emt 0:02:06]} 30. Nd5 {[%emt 0:02:21]} Rd8 {[%emt 0:03:01]} 31. Bg5 {[%emt 0:03:42]} Qxc4 {[%emt 0:01:48]} 32. Nxf6+ {[%emt 0:00:05]} gxf6 {[%emt 0:00:06]} 33. Bxf6 {[%emt 0:00:15]} Rc8 {[%emt 0:02:28]} 34. Qf5 {[%emt 0:02:04]} Ne6 {[%emt 0:00:45]} 35. Rbd1 {[%emt 0:02:38]} Bxa3 {[%emt 0:02:00]} 36. Re4 {[%emt 0:01:29]} Rc5 {[%emt 0:00:30]} 37. Qg4+ {[%emt 0:00:18]} 1-0

[Event "AUT-ch Open 2020"]
[Site "Graz"]
[Date "2020.02.16"]
[Round "3.22"]
[White "Horvath, Dominik"]
[Black "Stukan, Martin"]
[Result "0-1"]
[WhiteElo "2450"]
[BlackElo "2292"]
[Annotator "ChessBase"]
[PlyCount "86"]
[EventDate "2020.02.14"]
[EventType "swiss"]
[EventCountry "AUT"]
[SourceTitle "playchess.com"]
[Source "ChessBase"]
[SourceQuality "1"]
[TimeControl "40/5400+30:1800+30"]

1. Nf3 {[%emt 0:00:00]} Nf6 {[%emt 0:00:00]} 2. c4 {[%emt 0:00:00]} g6 {[%emt 0:00:00]} 3. Nc3 {[%emt 0:00:00]} Bg7 {[%emt 0:00:00]} 4. e4 {[%emt 0:00:11]} d6 {[%emt 0:00:00]} 5. d4 {[%emt 0:00:05]} O-O {[%emt 0:00:00]} 6. Be2 {[%emt 0:00:08]} e5 {[%emt 0:00:00]} 7. O-O {[%emt 0:00:08]} c6 {[%emt 0:00:00]} 8. d5 {[%emt 0:07:03]} Na6 {[%emt 0:00:01]} 9. Be3 {[%emt 0:01:03]} Ng4 {[%emt 0:00:16]} 10. Bg5 {[%emt 0:00:09]} f6 {[%emt 0:00:03]} 11. Bh4 {[%emt 0:01:15]} c5 {[%emt 0:00:05]} 12. Ne1 {[%emt 0:03:44]} Nh6 {[%emt 0:00:23]} 13. f3 {[%emt 0:03:20]} Nf7 {[%emt 0:02:40]} 14. a3 {[%emt 0:00:22]} Bd7 {[%emt 0:00:26]} 15. Nd3 {[%emt 0:00:59]} Bh6 {[%emt 0:00:42]} 16. Bf2 {[%emt 0:00:38]} f5 {[%emt 0:02:05]} 17. b4 {[%emt 0:00:42]} b6 {[%emt 0:00:17]} 18. Rb1 {[%emt 0:03:46]} Rb8 {[%emt 0:13:37]} 19. Qe1 {[%emt 0:08:24]} Qf6 {[%emt 0:09:28]} 20. Bd1 {[%emt 0:02:19]} Ng5 {[%emt 0:19:38]} 21. Bh4 {[%emt 0:09:46]} Qg7 {[%emt 0:04:14]} 22. bxc5 {[%emt 0:15:09]} Nxc5 {[%emt 0:06:22]} 23. Nxc5 {[%emt 0:00:05]} bxc5 {[%emt 0:00:03]} 24. Bc2 {[%emt 0:03:13]} Nf7 {[%emt 0:04:30]} 25. Bf2 {[%emt 0:01:42]} Bg5 {[%emt 0:05:44]} 26. Ne2 {[%emt 0:02:43]} Qh6 {[%emt 0:19:29]} 27. Qa5 {[%emt 0:00:38]} Rxb1 {[%emt 0:02:20]} 28. Bxb1 {[%emt 0:03:48]} fxe4 {[%emt 0:08:16]} 29. Bxe4 {[%emt 0:01:09]} Rb8 {[%emt 0:01:08]} 30. Qxa7 {[%emt 0:05:24]} Rb2 {[%emt 0:00:03]} 31. Ng3 {[%emt 0:13:59]} Be3 {[%emt 0:01:03]} 32. Nh1 {[%emt 0:02:50]} Bf5 {[%emt 0:02:11]} 33. Bxf5 {[%emt 0:00:06]} gxf5 {[%emt 0:00:03]} 34. Qd7 {[%emt 0:00:54]} Qg5 {[%emt 0:00:52]} 35. g3 {[%emt 0:02:58]} Bd4 {[%emt 0:00:38]} 36. h4 {[%emt 0:05:04]} Bxf2+ {[%emt 0:00:28]} 37. Rxf2 {[%emt 0:00:11]} Qc1+ {[%emt 0:00:11]} 38. Rf1 {[%emt 0:00:15]} Qe3+ {[%emt 0:00:09]} 39. Nf2 {[%emt 0:01:19]} Qxf3 {[%emt 0:00:13]} 40. a4 {[%emt 0:00:07]} Qxg3+ {[%emt 0:00:17]} 41. Kh1 {[%emt 0:30:04]} Rxf2 {[%emt 0:30:29]} 42. Rxf2 {[%emt 0:00:05]} Qxf2 {[%emt 0:00:04]} 43. a5 {[%emt 0:00:02]} Qe1+ {[%emt 0:00:47]} 0-1

[Event "AUT-ch Open 2020"]
[Site "Graz"]
[Date "2020.02.16"]
[Round "3.22"]
[White "Lupolov, Boris"]
[Black "Steindl, Johannes"]
[Result "0-1"]
[WhiteElo "1973"]
[BlackElo "2273"]
[Annotator "ChessBase"]
[PlyCount "108"]
[EventDate "2020.02.14"]
[EventType "swiss"]
[EventCountry "AUT"]
[SourceTitle "playchess.com"]
[Source "ChessBase"]
[SourceQuality "1"]
[TimeControl "40/5400+30:1800+30"]

1. d4 {[%emt 0:00:00]} Nf6 {[%emt 0:01:24]} 2. c4 {[%emt 0:00:00]} e6 {[%emt 0:00:07]} 3. Nf3 {[%emt 0:00:00]} d5 {[%emt 0:00:04]} 4. Bg5 {[%emt 0:00:00]} Bb4+ {[%emt 0:00:03]} 5. Nc3 {[%emt 0:00:30]} dxc4 {[%emt 0:00:04]} 6. e3 {[%emt 0:16:39]} b5 {[%emt 0:00:13]} 7. a4 {[%emt 0:00:53]} c6 {[%emt 0:00:36]} 8. Nd2 {[%emt 0:04:15]} Bb7 {[%emt 0:07:06]} 9. Be2 {[%emt 0:05:37]} Nbd7 {[%emt 0:04:33]} 10. Bf3 {[%emt 0:01:19]} Qb6 {[%emt 0:02:17]} 11. O-O {[%emt 0:01:47]} O-O {[%emt 0:01:04]} 12. Qc2 {[%emt 0:01:17]} a6 {[%emt 0:06:22]} 13. Nde4 {[%emt 0:11:23]} Nxe4 {[%emt 0:04:55]} 14. Qxe4 {[%emt 0:02:04]} e5 {[%emt 0:00:41]} 15. dxe5 {[%emt 0:11:09]} Rfe8 {[%emt 0:00:04]} 16. Bf4 {[%emt 0:00:39]} Nc5 {[%emt 0:01:07]} 17. Qf5 {[%emt 0:06:59]} Bxc3 {[%emt 0:01:30]} 18. bxc3 {[%emt 0:00:20]} Nxa4 {[%emt 0:00:19]} 19. Rxa4 {[%emt 0:13:01]} bxa4 {[%emt 0:00:09]} 20. Rb1 {[%emt 0:00:05]} Qa7 {[%emt 0:14:04]} 21. Be4 {[%emt 0:00:54]} g6 {[%emt 0:00:13]} 22. Qd7 {[%emt 0:00:22]} Rad8 {[%emt 0:06:36]} 23. Qc7 {[%emt 0:00:31]} Qb8 {[%emt 0:09:48]} 24. Qa5 {[%emt 0:05:37]} Qc8 {[%emt 0:08:52]} 25. Qxa4 {[%emt 0:00:32]} Qd7 {[%emt 0:00:32]} 26. h3 {[%emt 0:00:35]} c5 {[%emt 0:07:00]} 27. Qxd7 {[%emt 0:04:45]} Rxd7 {[%emt 0:00:05]} 28. Rxb7 {[%emt 0:00:07]} Rxb7 {[%emt 0:00:04]} 29. Bxb7 {[%emt 0:00:07]} a5 {[%emt 0:00:03]} 30. Bd5 {[%emt 0:03:10]} a4 {[%emt 0:04:12]} 31. Bxc4 {[%emt 0:01:43]} a3 {[%emt 0:02:04]} 32. Ba2 {[%emt 0:06:23]} Rd8 {[%emt 0:02:54]} 33. e6 {[%emt 0:01:44]} Rd1+ {[%emt 0:00:06]} 34. Kh2 {[%emt 0:00:04]} fxe6 {[%emt 0:00:03]} 35. Bxe6+ {[%emt 0:00:05]} Kf8 {[%emt 0:00:04]} 36. Kg3 {[%emt 0:01:54]} Ke7 {[%emt 0:00:28]} 37. Bg8 {[%emt 0:00:41]} Rd2 {[%emt 0:00:22]} 38. Be5 {[%emt 0:00:41]} a2 {[%emt 0:00:57]} 39. c4 {[%emt 0:00:25]} Rd4 {[%emt 0:00:24]} 40. exd4 {[%emt 0:00:58]} a1=Q {[%emt 0:00:05]} 41. Bd5 {[%emt 0:30:32]} cxd4 {[%emt 0:30:38]} 42. Kf3 {[%emt 0:00:00]} Qd1+ {[%emt 0:00:00]} 43. Kg3 {[%emt 0:00:00]} Qb3+ {[%emt 0:00:00]} 44. Kg4 {[%emt 0:00:00]} d3 {[%emt 0:00:00]} 45. Bf4 {[%emt 0:00:00]} Qc3 {[%emt 0:00:00]} 46. Bg5+ {[%emt 0:00:00]} Kd7 {[%emt 0:00:00]} 47. Bf4 {[%emt 0:00:00]} d2 {[%emt 0:00:00]} 48. Bxd2 {[%emt 0:00:00]} Qxd2 {[%emt 0:00:00]} 49. Kg3 {[%emt 0:00:00]} Kd6 {[%emt 0:00:00]} 50. h4 {[%emt 0:00:00]} Ke5 {[%emt 0:00:00]} 51. Bf3 {[%emt 0:00:00]} Qf4+ {[%emt 0:00:00]} 52. Kh3 {[%emt 0:00:00]} Qxc4 {[%emt 0:00:00]} 53. Kg3 {[%emt 0:00:00]} Qd4 {[%emt 0:00:00]} 54. Bg4 {[%emt 0:00:00]} Qf4+ {[%emt 0:24:48]} 0-1

[Event "AUT-ch Open 2020"]
[Site "Graz"]
[Date "2020.02.16"]
[Round "3.23"]
[White "Lim, Zhuo Ren"]
[Black "Niedbala, Bartlomiej"]
[Result "1-0"]
[WhiteElo "2296"]
[BlackElo "2432"]
[Annotator "ChessBase"]
[PlyCount "67"]
[EventDate "2020.02.14"]
[EventType "swiss"]
[EventCountry "AUT"]
[SourceTitle "playchess.com"]
[Source "ChessBase"]
[SourceQuality "1"]
[TimeControl "40/5400+30:1800+30"]

1. d4 {[%emt 0:00:00]} e6 {[%emt 0:03:19]} 2. Nf3 {[%emt 0:00:43]} f5 {[%emt 0:00:43]} 3. g3 {[%emt 0:00:22]} Nf6 {[%emt 0:00:09]} 4. Bg2 {[%emt 0:00:13]} Be7 {[%emt 0:00:47]} 5. O-O {[%emt 0:00:26]} O-O {[%emt 0:05:22]} 6. c4 {[%emt 0:01:05]} d6 {[%emt 0:01:06]} 7. Nc3 {[%emt 0:00:39]} a5 {[%emt 0:01:26]} 8. b3 {[%emt 0:06:29]} Qe8 {[%emt 0:05:32]} 9. Bb2 {[%emt 0:08:39]} Qh5 {[%emt 0:11:50]} 10. Ne1 {[%emt 0:02:40]} Nbd7 {[%emt 0:08:30]} 11. e4 {[%emt 0:01:16]} Qxd1 {[%emt 0:02:40]} 12. Rxd1 {[%emt 0:00:15]} f4 {[%emt 0:05:11]} 13. Nd3 {[%emt 0:06:08]} fxg3 {[%emt 0:02:11]} 14. hxg3 {[%emt 0:00:10]} Nh5 {[%emt 0:03:02]} 15. Nb5 {[%emt 0:03:59]} Bd8 {[%emt 0:01:45]} 16. Bh3 {[%emt 0:02:27]} Ndf6 {[%emt 0:10:24]} 17. e5 {[%emt 0:05:00]} dxe5 {[%emt 0:03:32]} 18. dxe5 {[%emt 0:00:36]} Ne4 {[%emt 0:00:26]} 19. Ba3 {[%emt 0:00:27]} c6 {[%emt 0:13:58]} 20. Bxf8 {[%emt 0:04:42]} cxb5 {[%emt 0:00:15]} 21. Nc5 {[%emt 0:00:46]} Kxf8 {[%emt 0:00:57]} 22. Rxd8+ {[%emt 0:00:26]} Ke7 {[%emt 0:00:12]} 23. Rxc8 {[%emt 0:00:08]} Rxc8 {[%emt 0:00:13]} 24. Nxe4 {[%emt 0:00:05]} bxc4 {[%emt 0:00:07]} 25. Nd6 {[%emt 0:00:37]} Rc5 {[%emt 0:00:24]} 26. Nxc4 {[%emt 0:00:04]} a4 {[%emt 0:00:24]} 27. Bg4 {[%emt 0:00:39]} axb3 {[%emt 0:00:13]} 28. axb3 {[%emt 0:00:03]} b5 {[%emt 0:00:01]} 29. Bxh5 {[%emt 0:00:58]} bxc4 {[%emt 0:00:05]} 30. bxc4 {[%emt 0:00:07]} Rxc4 {[%emt 0:00:04]} 31. Re1 {[%emt 0:00:28]} g6 {[%emt 0:00:22]} 32. Bf3 {[%emt 0:00:06]} h5 {[%emt 0:00:07]} 33. Kg2 {[%emt 0:00:11]} h4 {[%emt 0:00:05]} 34. Re4 {[%emt 0:00:23]} 1-0

[Event "AUT-ch Open 2020"]
[Site "Graz"]
[Date "2020.02.16"]
[Round "3.23"]
[White "Cafasso, Elia"]
[Black "Neuschmied, Siegfried"]
[Result "0-1"]
[WhiteElo "1908"]
[BlackElo "2268"]
[Annotator "ChessBase"]
[PlyCount "44"]
[EventDate "2020.02.14"]
[EventType "swiss"]
[EventCountry "AUT"]
[SourceTitle "playchess.com"]
[Source "ChessBase"]
[SourceQuality "1"]
[TimeControl "40/5400+30:1800+30"]

1. e4 {[%emt 0:00:00]} g6 {[%emt 0:00:20]} 2. d4 {[%emt 0:00:00]} Bg7 {[%emt 0:00:07]} 3. Nc3 {[%emt 0:00:00]} d6 {[%emt 0:00:05]} 4. Nf3 {[%emt 0:02:16]} a6 {[%emt 0:04:27]} 5. a4 {[%emt 0:00:18]} Nf6 {[%emt 0:01:38]} 6. Bd3 {[%emt 0:04:41]} O-O {[%emt 0:06:29]} 7. O-O {[%emt 0:02:26]} Nc6 {[%emt 0:01:53]} 8. h3 {[%emt 0:07:18]} Nb4 {[%emt 0:03:51]} 9. Be2 {[%emt 0:07:10]} b6 {[%emt 0:08:26]} 10. Be3 {[%emt 0:08:03]} e6 {[%emt 0:09:05]} 11. Nd2 {[%emt 0:06:24]} Bb7 {[%emt 0:03:40]} 12. f4 {[%emt 0:06:41]} Qe7 {[%emt 0:03:56]} 13. g4 {[%emt 0:07:23]} d5 {[%emt 0:05:18]} 14. e5 {[%emt 0:02:48]} Nd7 {[%emt 0:00:11]} 15. f5 {[%emt 0:06:04]} exf5 {[%emt 0:03:38]} 16. gxf5 {[%emt 0:00:21]} gxf5 {[%emt 0:02:24]} 17. Na2 {[%emt 0:02:26]} Nxa2 {[%emt 0:02:12]} 18. Rxa2 {[%emt 0:00:04]} f6 {[%emt 0:00:13]} 19. Rxf5 {[%emt 0:05:49]} fxe5 {[%emt 0:00:38]} 20. Rxf8+ {[%emt 0:04:11]} Rxf8 {[%emt 0:00:16]} 21. dxe5 {[%emt 0:01:06]} Nxe5 {[%emt 0:03:30]} 22. Ra3 {[%emt 0:02:32]} Qh4 {[%emt 0:01:46]} 0-1

[Event "AUT-ch Open 2020"]
[Site "Graz"]
[Date "2020.02.16"]
[Round "3.24"]
[White "Matt, Fabian"]
[Black "Halvax, Georg"]
[Result "1/2-1/2"]
[WhiteElo "2290"]
[BlackElo "2428"]
[Annotator "ChessBase"]
[PlyCount "70"]
[EventDate "2020.02.14"]
[EventType "swiss"]
[EventCountry "AUT"]
[SourceTitle "playchess.com"]
[Source "ChessBase"]
[SourceQuality "1"]
[TimeControl "40/5400+30:1800+30"]

1. d4 {[%emt 0:00:00]} d5 {[%emt 0:00:00]} 2. Bf4 {[%emt 0:00:18]} Nf6 {[%emt 0:00:06]} 3. e3 {[%emt 0:00:07]} c5 {[%emt 0:00:13]} 4. c3 {[%emt 0:00:06]} Nc6 {[%emt 0:00:14]} 5. Nd2 {[%emt 0:00:06]} Qb6 {[%emt 0:00:26]} 6. Qb3 {[%emt 0:00:13]} cxd4 {[%emt 0:01:10]} 7. exd4 {[%emt 0:01:08]} Bf5 {[%emt 0:02:09]} 8. Ngf3 {[%emt 0:00:34]} e6 {[%emt 0:00:51]} 9. Nh4 {[%emt 0:03:48]} Be4 {[%emt 0:00:20]} 10. f3 {[%emt 0:01:01]} Bg6 {[%emt 0:03:26]} 11. Qxb6 {[%emt 0:07:21]} axb6 {[%emt 0:00:52]} 12. Nxg6 {[%emt 0:00:22]} hxg6 {[%emt 0:00:13]} 13. Kf2 {[%emt 0:00:05]} Kd7 {[%emt 0:04:10]} 14. Bd3 {[%emt 0:03:26]} Bd6 {[%emt 0:02:16]} 15. Bxd6 {[%emt 0:01:10]} Kxd6 {[%emt 0:00:04]} 16. h4 {[%emt 0:02:07]} Nd7 {[%emt 0:09:15]} 17. a3 {[%emt 0:09:38]} e5 {[%emt 0:07:06]} 18. dxe5+ {[%emt 0:01:05]} Ncxe5 {[%emt 0:00:13]} 19. Be2 {[%emt 0:00:45]} Nc5 {[%emt 0:02:25]} 20. b4 {[%emt 0:20:40]} Ncd3+ {[%emt 0:06:22]} 21. Ke3 {[%emt 0:00:57]} Nb2 {[%emt 0:01:46]} 22. f4 {[%emt 0:01:28]} Nd7 {[%emt 0:03:29]} 23. Ra2 {[%emt 0:03:47]} Na4 {[%emt 0:01:29]} 24. Rc2 {[%emt 0:00:21]} Rhc8 {[%emt 0:04:57]} 25. Rhc1 {[%emt 0:01:00]} Nf6 {[%emt 0:03:17]} 26. Nf3 {[%emt 0:09:26]} Re8+ {[%emt 0:06:23]} 27. Kd2 {[%emt 0:08:46]} Ne4+ {[%emt 0:06:59]} 28. Kd1 {[%emt 0:00:13]} Rec8 {[%emt 0:05:34]} 29. c4 {[%emt 0:00:47]} dxc4 {[%emt 0:00:43]} 30. Bxc4 {[%emt 0:00:15]} Rxc4 {[%emt 0:05:51]} 31. Rxc4 {[%emt 0:00:06]} Nb2+ {[%emt 0:00:05]} 32. Ke1 {[%emt 0:09:03]} Nd3+ {[%emt 0:02:13]} 33. Kd1 {[%emt 0:00:35]} Nb2+ {[%emt 0:05:27]} 34. Ke1 {[%emt 0:00:07]} Nd3+ {[%emt 0:11:03]} 35. Kd1 {[%emt 0:00:07]} Nb2+ {[%emt 0:00:04]} 1/2-1/2

[Event "AUT-ch Open 2020"]
[Site "Graz"]
[Date "2020.02.16"]
[Round "3.25"]
[White "Menezes, Christoph"]
[Black "Kravanja, Georg"]
[Result "1-0"]
[WhiteElo "2262"]
[BlackElo "2262"]
[Annotator "ChessBase"]
[PlyCount "93"]
[EventDate "2020.02.14"]
[EventType "swiss"]
[EventCountry "AUT"]
[SourceTitle "playchess.com"]
[Source "ChessBase"]
[SourceQuality "1"]
[TimeControl "40/5400+30:1800+30"]

1. c4 {[%emt 0:00:00]} Nf6 {[%emt 0:00:00]} 2. Nf3 {[%emt 0:00:02]} e6 {[%emt 0:00:00]} 3. g3 {[%emt 0:01:17]} d5 {[%emt 0:00:06]} 4. Bg2 {[%emt 0:00:37]} Be7 {[%emt 0:00:10]} 5. O-O {[%emt 0:01:01]} O-O {[%emt 0:00:06]} 6. Ne5 {[%emt 0:04:31]} c5 {[%emt 0:01:09]} 7. cxd5 {[%emt 0:00:54]} exd5 {[%emt 0:00:09]} 8. e3 {[%emt 0:00:42]} Nc6 {[%emt 0:05:09]} 9. d4 {[%emt 0:04:42]} cxd4 {[%emt 0:03:04]} 10. Nxc6 {[%emt 0:02:07]} bxc6 {[%emt 0:00:06]} 11. exd4 {[%emt 0:00:42]} Bd6 {[%emt 0:02:09]} 12. Nc3 {[%emt 0:03:53]} h6 {[%emt 0:02:47]} 13. Qc2 {[%emt 0:07:46]} Qb6 {[%emt 0:09:01]} 14. Rd1 {[%emt 0:05:55]} Bg4 {[%emt 0:01:34]} 15. f3 {[%emt 0:03:06]} Be6 {[%emt 0:02:26]} 16. Be3 {[%emt 0:01:15]} Rfe8 {[%emt 0:01:05]} 17. Bf2 {[%emt 0:04:51]} Rab8 {[%emt 0:12:44]} 18. Na4 {[%emt 0:02:19]} Qb7 {[%emt 0:03:56]} 19. Rac1 {[%emt 0:03:41]} Bd7 {[%emt 0:03:34]} 20. Bf1 {[%emt 0:03:41]} Nh7 {[%emt 0:11:07]} 21. h4 {[%emt 0:05:04]} Qc7 {[%emt 0:05:32]} 22. Bd3 {[%emt 0:00:52]} Nf6 {[%emt 0:00:37]} 23. g4 {[%emt 0:10:47]} Bg3 {[%emt 0:13:43]} 24. Re1 {[%emt 0:12:25]} Qf4 {[%emt 0:09:38]} 25. Kg2 {[%emt 0:01:30]} Bxf2 {[%emt 0:00:08]} 26. Qxf2 {[%emt 0:00:02]} Rb4 {[%emt 0:01:40]} 27. Nc5 {[%emt 0:02:15]} Rxe1 {[%emt 0:02:01]} 28. Rxe1 {[%emt 0:00:18]} Rxd4 {[%emt 0:01:29]} 29. Qe3 {[%emt 0:05:19]} Qxe3 {[%emt 0:00:52]} 30. Rxe3 {[%emt 0:01:10]} Rb4 {[%emt 0:00:18]} 31. g5 {[%emt 0:06:45]} d4 {[%emt 0:00:12]} 32. Re7 {[%emt 0:01:18]} hxg5 {[%emt 0:00:41]} 33. hxg5 {[%emt 0:00:56]} Rxb2+ {[%emt 0:01:11]} 34. Kh1 {[%emt 0:02:36]} Bh3 {[%emt 0:01:08]} 35. gxf6 {[%emt 0:00:33]} gxf6 {[%emt 0:00:02]} 36. Rxa7 {[%emt 0:01:14]} Bg2+ {[%emt 0:00:11]} 37. Kg1 {[%emt 0:00:02]} Bxf3 {[%emt 0:00:05]} 38. a4 {[%emt 0:01:05]} Bd5 {[%emt 0:00:06]} 39. a5 {[%emt 0:01:38]} Rg2+ {[%emt 0:00:13]} 40. Kf1 {[%emt 0:00:09]} Ra2 {[%emt 0:00:05]} 41. a6 {[%emt 0:30:49]} Ra5 {[%emt 0:30:29]} 42. Rb7 {[%emt 0:00:29]} Rxc5 {[%emt 0:01:13]} 43. a7 {[%emt 0:00:13]} Rc1+ {[%emt 0:00:06]} 44. Kf2 {[%emt 0:00:21]} Ra1 {[%emt 0:01:53]} 45. Rb8+ {[%emt 0:00:19]} Kg7 {[%emt 0:00:09]} 46. a8=Q {[%emt 0:00:07]} Rxa8 {[%emt 0:00:11]} 47. Rxa8 {[%emt 0:00:05]} 1-0